[Event "CZE-chT2D 2223"]
[Site "Czech Republic"]
[Date "2023.02.19"]
[Round "9.1"]
[White "Sabuk, Piotr"]
[Black "Cech, Pavel"]
[Result "1-0"]
[WhiteElo "2426"]
[BlackElo "2354"]
[PlyCount "53"]
[EventDate "2022.10.16"]
[EventType "team-tourn"]
[EventRounds "11"]
[EventCountry "CZE"]
[SourceTitle "EXT 2024"]
[Source "ChessBase"]
[SourceDate "2023.10.10"]
[SourceVersion "1"]
[SourceVersionDate "2023.10.10"]
[SourceQuality "1"]
[WhiteTeam "Rychnov nad Kneznou Panda"]
[BlackTeam "Hradec Kralove Lipky"]
[WhiteTeamCountry "CZE"]
[BlackTeamCountry "CZE"]

1. d4 d5 2. c4 c6 3. Nf3 Nf6 4. Qb3 e6 5. Nc3 Nbd7 6. Bg5 h6 7. Bh4 g5 8. Bg3 Nh5 9. e3 Nxg3 10. hxg3 Bg7 11. Bd3 0-0 12. Rd1 f5 13. Qc2 Nf6 14. Ne5 Ne4 15. Bxe4 dxe4 16. f4 exf3 17. gxf3 Bd7 18. Kf2 c5 19. Nxd7 Qxd7 20. d5 f4 21. gxf4 gxf4 22. Rdg1 fxe3+ 23. Ke1 Kh8 24. Rg6 exd5 25. Rgxh6+ Kg8 26. Qh7+ Kf7 27. Qg6+ 1-0

[Event "CZE-chT2D 2223"]
[Site "Czech Republic"]
[Date "2022.11.06"]
[Round "2.1"]
[White "Krmela, Ales"]
[Black "Cech, Pavel"]
[Result "0-1"]
[WhiteElo "2041"]
[BlackElo "2354"]
[PlyCount "53"]
[EventDate "2022.10.16"]
[EventType "team-tourn"]
[EventRounds "11"]
[EventCountry "CZE"]
[SourceTitle "EXT 2024"]
[Source "ChessBase"]
[SourceDate "2023.10.10"]
[SourceVersion "1"]
[SourceVersionDate "2023.10.10"]
[SourceQuality "1"]
[WhiteTeam "Zabreh"]
[BlackTeam "Hradec Kralove Lipky"]
[WhiteTeamCountry "CZE"]
[BlackTeamCountry "CZE"]

1. e4 e6 2. d4 d5 3. exd5 exd5 4. Nf3 Nf6 5. Bd3 Bd6 6. Bg5 Qe7+ 7. Qe2 Qxe2+ 8. Bxe2 Ne4 9. Be3 Bf5 10. Nbd2 Nd7 11. 0-0-0 Ndf6 12. h3 0-0 13. Bd3 Rfe8 14. Ng5 Ng3 15. Bxf5 Nxf5 16. Rhe1 Bg3 17. Rh1 Nxe3 18. fxe3 Rxe3 19. Nf1 Bf4 20. Nxe3 Bxe3+ 21. Kb1 Bxg5 22. Rhf1 Ne4 23. Rf5 c6 24. Ka1 g6 25. Rf3 f5 26. a4 Re8 27. Rb3 0-1

[Event "CZE-chT 2122"]
[Site "Czech Republic"]
[Date "2022.02.12"]
[Round "9.6"]
[White "Simek, Petr1111"]
[Black "Cech, Pavel"]
[Result "1/2-1/2"]
[WhiteElo "2298"]
[BlackElo "2337"]
[PlyCount "62"]
[EventDate "2021.10.15"]
[EventType "team-tourn"]
[EventRounds "15"]
[EventCountry "CZE"]
[SourceTitle "EXT 2023"]
[Source "ChessBase"]
[SourceDate "2022.10.05"]
[SourceVersion "1"]
[SourceVersionDate "2022.10.05"]
[SourceQuality "1"]
[WhiteTeam "Unichess"]
[BlackTeam "Turnov Zikuda"]
[WhiteTeamCountry "CZE"]
[BlackTeamCountry "CZE"]

1. d4 d5 2. c4 c6 3. Nc3 Nf6 4. Nf3 dxc4 5. a4 Bf5 6. Ne5 Nbd7 7. Nxc4 Nb6 8. Ne5 a5 9. g3 e6 10. Bg2 Bb4 11. 0-0 0-0 12. e3 Nbd5 13. Bd2 h6 14. Qe2 Bh7 15. Rfd1 Qb6 16. Rac1 Rfd8 17. Nc4 Qa6 18. Bf1 Nb6 19. Be1 Nxc4 20. Qxc4 Qxc4 21. Bxc4 Nd5 22. Nxd5 exd5 23. Bd3 Bxe1 24. Bxh7+ Kxh7 25. Rxe1 Ra6 26. Rc3 Rb6 27. b3 h5 28. Kg2 Kg6 29. Kf3 Re8 30. Rd1 Rb4 31. Rdd3 Rb6 1/2-1/2

[Event "CZE-chT 2122"]
[Site "Czech Republic"]
[Date "2021.10.16"]
[Round "1.4"]
[White "Cech, Pavel"]
[Black "Krajina, Ales"]
[Result "1-0"]
[WhiteElo "2337"]
[BlackElo "2155"]
[PlyCount "95"]
[EventDate "2021.10.15"]
[EventType "team-tourn"]
[EventRounds "15"]
[EventCountry "CZE"]
[SourceTitle "CBM 204 Extra"]
[Source "ChessBase"]
[SourceDate "2021.11.30"]
[SourceVersion "1"]
[SourceVersionDate "2021.11.30"]
[SourceQuality "1"]
[WhiteTeam "Turnov Zikuda"]
[BlackTeam "Ostrava Labortech"]
[WhiteTeamCountry "CZE"]
[BlackTeamCountry "CZE"]

1. d4 d5 2. c4 Nc6 3. Nf3 e5 4. e3 Bg4 5. Nc3 Bb4 6. a3 Bxc3+ 7. bxc3 Nf6 8. h3 Bxf3 9. Qxf3 e4 10. Qf5 Ne7 11. Qe5 0-0 12. cxd5 Nexd5 13. c4 Re8 14. Qf5 Ne7 15. Qb5 Rb8 16. Be2 a6 17. Qa5 Qd7 18. 0-0 Qc6 19. Bb2 b5 20. Rfc1 bxc4 21. Rxc4 Qe6 22. Bc3 Ned5 23. Rc5 Red8 24. Qxa6 Rb3 25. Qxe6 fxe6 26. Ba5 Ra8 27. Bxc7 Raxa3 28. Rxa3 Rxa3 29. Bc4 Kf7 30. Bd8 Ra7 31. Bxf6 Nxf6 32. Re5 Re7 33. g4 h6 34. Kg2 Re8 35. Kg3 Re7 36. h4 Re8 37. g5 hxg5 38. hxg5 Nh7 39. Kg4 Nf8 40. d5 Ke7 41. Rxe4 Rc8 42. dxe6 Rc5 43. f4 Ng6 44. Rd4 Rc7 45. Bd3 Nf8 46. f5 Rc1 47. Rb4 Rg1+ 48. Kf4 1-0

[Event "Pardubice Czech op-E 32nd"]
[Site "Pardubice"]
[Date "2021.07.18"]
[Round "7.1"]
[White "Cech, Pavel"]
[Black "Polak, Tomas"]
[Result "1/2-1/2"]
[WhiteElo "2332"]
[BlackElo "2553"]
[PlyCount "64"]
[EventDate "2021.07.15"]
[EventType "team-swiss"]
[EventRounds "7"]
[EventCountry "CZE"]
[SourceTitle "CBM 203 Extra"]
[Source "ChessBase"]
[SourceDate "2021.09.30"]
[SourceVersion "1"]
[SourceVersionDate "2021.09.30"]
[SourceQuality "1"]
[WhiteTeam "Turnov Zikuda II"]
[BlackTeam "Brno Moravska Slavia"]
[WhiteTeamCountry "CZE"]
[BlackTeamCountry "CZE"]

1. d4 Nf6 2. c4 b6 3. Nc3 Bb7 4. f3 d5 5. cxd5 Nxd5 6. e4 Nxc3 7. bxc3 g6 8. Bc4 Bg7 9. Ne2 0-0 10. h4 c5 11. h5 cxd4 12. hxg6 hxg6 13. cxd4 Nc6 14. Be3 Qd6 15. Kf2 Rfd8 16. Bd5 e6 17. Bxc6 Bxc6 18. e5 Qf8 19. Qg1 f6 20. Qh2 fxe5 21. dxe5 Qf5 22. Nd4 Rxd4 23. Bxd4 Rd8 24. Rad1 g5 25. Qh5 Qc2+ 26. Ke3 Rxd4 27. Rxd4 Qc3+ 28. Rd3 Qxe5+ 29. Kf2 Qb2+ 30. Kg3 Qe5+ 31. Kf2 Qb2+ 32. Kg3 Qe5+ 1/2-1/2

[Event "Pardubice Czech op-E 32nd"]
[Site "Pardubice"]
[Date "2021.07.17"]
[Round "4.1"]
[White "Michalik, Peter"]
[Black "Cech, Pavel"]
[Result "1-0"]
[WhiteElo "2594"]
[BlackElo "2332"]
[PlyCount "57"]
[EventDate "2021.07.15"]
[EventType "team-swiss"]
[EventRounds "7"]
[EventCountry "CZE"]
[SourceTitle "CBM 203 Extra"]
[Source "ChessBase"]
[SourceDate "2021.09.30"]
[SourceVersion "1"]
[SourceVersionDate "2021.09.30"]
[SourceQuality "1"]
[WhiteTeam "Unichess Penguins"]
[BlackTeam "Turnov Zikuda II"]
[WhiteTeamCountry "CZE"]
[BlackTeamCountry "CZE"]

1. c4 e5 2. d3 Nc6 3. Nf3 g6 4. Nc3 Bg7 5. h4 Nf6 6. e4 d6 7. Be2 h6 8. Nd5 Nxd5 9. cxd5 Ne7 10. h5 g5 11. Nd2 c6 12. dxc6 bxc6 13. g4 d5 14. Nb3 0-0 15. Bd2 Be6 16. Nc5 Qb6 17. Qc2 Nc8 18. Be3 Qa5+ 19. Kf1 Nd6 20. a4 Rab8 21. Kg2 Bxg4 22. Bxg4 f5 23. b4 Qd8 24. Ne6 Qf6 25. Bxf5 Nxf5 26. exf5 Qxf5 27. Nxf8 Rxf8 28. Qe2 d4 29. Bd2 1-0

[Event "CZE-chT2D 1920"]
[Site "Czech Republic"]
[Date "2020.06.27"]
[Round "10.1"]
[White "Cech, Pavel"]
[Black "Haba, Petr"]
[Result "1/2-1/2"]
[WhiteElo "2330"]
[BlackElo "2470"]
[PlyCount "43"]
[EventDate "2019.10.13"]
[EventType "team-tourn"]
[EventRounds "11"]
[EventCountry "CZE"]
[SourceTitle "EXT 2024"]
[Source "ChessBase"]
[SourceDate "2023.10.10"]
[SourceVersion "1"]
[SourceVersionDate "2023.10.10"]
[SourceQuality "1"]
[WhiteTeam "Nachod Snezka"]
[BlackTeam "Hradec Kralove Slavia"]
[WhiteTeamCountry "CZE"]
[BlackTeamCountry "CZE"]

1. e4 c6 2. d4 d5 3. e5 Bf5 4. Nd2 e6 5. Nb3 Nd7 6. Nf3 Ne7 7. Be3 Bg4 8. Be2 Nf5 9. 0-0 Be7 10. h3 Bxf3 11. Bxf3 0-0 12. Bg4 Nxe3 13. fxe3 Bg5 14. Qe2 Qe7 15. e4 dxe4 16. Qxe4 c5 17. c3 cxd4 18. Nxd4 Qc5 19. Rae1 Qb6 20. Re2 Nc5 21. Qc2 Rae8 22. Kh1 1/2-1/2

[Event "CZE-chT2D 1920"]
[Site "Czech Republic"]
[Date "2020.01.26"]
[Round "7.1"]
[White "Cerveny, Petr"]
[Black "Cech, Pavel"]
[Result "1/2-1/2"]
[WhiteElo "2330"]
[BlackElo "2330"]
[PlyCount "39"]
[EventDate "2019.10.13"]
[EventType "team-tourn"]
[EventRounds "11"]
[EventCountry "CZE"]
[SourceTitle "EXT 2024"]
[Source "ChessBase"]
[SourceDate "2023.10.10"]
[SourceVersion "1"]
[SourceVersionDate "2023.10.10"]
[SourceQuality "1"]
[WhiteTeam "Policka Stefanydes"]
[BlackTeam "Nachod Snezka"]
[WhiteTeamCountry "CZE"]
[BlackTeamCountry "CZE"]

1. e4 e6 2. d4 d5 3. Nc3 Bb4 4. exd5 exd5 5. Bd3 Nc6 6. Nf3 Bg4 7. 0-0 Nge7 8. h3 Bh5 9. a3 Bd6 10. Re1 Nxd4 11. g4 Nxf3+ 12. Qxf3 Bg6 13. Bxg6 hxg6 14. Nxd5 0-0 15. Nxe7+ Bxe7 16. Bf4 Bd6 17. Bxd6 Qxd6 18. Qxb7 Rab8 19. Qf3 Rxb2 20. Qc3 1/2-1/2

[Event "CZE-chT2D 1920"]
[Site "Czech Republic"]
[Date "2020.01.12"]
[Round "6.1"]
[White "Cech, Pavel"]
[Black "Nemec, Pavel"]
[Result "0-1"]
[WhiteElo "2330"]
[BlackElo "2209"]
[PlyCount "50"]
[EventDate "2019.10.13"]
[EventType "team-tourn"]
[EventRounds "11"]
[EventCountry "CZE"]
[SourceTitle "EXT 2024"]
[Source "ChessBase"]
[SourceDate "2023.10.10"]
[SourceVersion "1"]
[SourceVersionDate "2023.10.10"]
[SourceQuality "1"]
[WhiteTeam "Nachod Snezka"]
[BlackTeam "Chrudim"]
[WhiteTeamCountry "CZE"]
[BlackTeamCountry "CZE"]

1. e4 c5 2. Nf3 a6 3. b3 d6 4. Bb2 e5 5. Bc4 Nc6 6. 0-0 Bg4 7. h3 h5 8. Nc3 Nd4 9. Be2 Bxf3 10. Bxf3 Nf6 11. Be2 Ne6 12. Bc4 Nf4 13. Ne2 g5 14. Nxf4 gxf4 15. a4 Qd7 16. Qf3 Rh6 17. c3 Nh7 18. h4 Be7 19. g3 0-0-0 20. Bxf7 Bxh4 21. gxh4 Qxf7 22. Qh3+ Kb8 23. c4 Rg8+ 24. Kh1 Rg4 25. Rg1 Qf6 0-1

[Event "Oberliga Bayern 1920"]
[Site "Bayern"]
[Date "2019.12.08"]
[Round "4.1"]
[White "Cech, Pavel"]
[Black "Schneider, Jana"]
[Result "1/2-1/2"]
[WhiteElo "2329"]
[BlackElo "2208"]
[PlyCount "57"]
[EventDate "2019.10.20"]
[EventType "team-tourn"]
[EventRounds "9"]
[EventCountry "GER"]
[SourceTitle "EXT 2021"]
[Source "ChessBase"]
[SourceDate "2020.10.23"]
[SourceVersion "1"]
[SourceVersionDate "2020.10.23"]
[SourceQuality "1"]
[WhiteTeam "Bindlach Aktionaer"]
[BlackTeam "Regensburg Bavaria"]
[WhiteTeamCountry "GER"]
[BlackTeamCountry "GER"]

1. d4 Nf6 2. c4 e6 3. Nf3 d5 4. Nc3 Be7 5. Bg5 h6 6. Bh4 0-0 7. e3 b6 8. cxd5 exd5 9. Be2 Be6 10. 0-0 Ne4 11. Bxe7 Qxe7 12. Rc1 Nd7 13. Nxe4 dxe4 14. Nd2 c5 15. Nxe4 Bxa2 16. dxc5 bxc5 17. b3 Qxe4 18. Bf3 Qe6 19. Bd5 Qb6 20. Bxa8 Rxa8 21. Qxd7 Bxb3 22. e4 a5 23. e5 a4 24. f4 Rd8 25. Qe7 Rd2 26. Qxc5 Bd5 27. Rf2 Rd1+ 28. Rf1 Rd2 29. Rf2 1/2-1/2

[Event "Pardubice Czech op-E 30th"]
[Site "Pardubice"]
[Date "2019.07.11"]
[Round "1.1"]
[White "Jursa, Branislav"]
[Black "Cech, Pavel"]
[Result "0-1"]
[WhiteElo "2017"]
[BlackElo "2334"]
[PlyCount "72"]
[EventDate "2019.07.11"]
[EventType "team-swiss"]
[EventRounds "7"]
[EventCountry "CZE"]
[SourceTitle "EXT 2020"]
[Source "ChessBase"]
[SourceDate "2019.10.17"]
[SourceVersion "1"]
[SourceVersionDate "2019.10.17"]
[SourceQuality "1"]
[WhiteTeam "Caissa Lokomotive II"]
[BlackTeam "Turnov Zikuda"]
[WhiteTeamCountry "SVK"]
[BlackTeamCountry "CZE"]

1. d4 d5 2. c4 c6 3. Nf3 Nf6 4. Nc3 dxc4 5. a4 Bf5 6. e3 e6 7. Bxc4 Bb4 8. 0-0 0-0 9. Qc2 Bg6 10. Ne5 Nbd7 11. Nxg6 hxg6 12. Rd1 Qa5 13. Bd2 Rad8 14. f4 Nb6 15. Bd3 c5 16. dxc5 Qxc5 17. Rac1 Qe7 18. a5 Bxa5 19. Nd5 Rxd5 20. Bxa5 Rxa5 21. e4 e5 22. Bb5 a6 23. Bd3 Rc5 24. Qf2 Rfc8 25. Rb1 Nc4 26. b4 R5c7 27. g3 b5 28. Qf3 Rc6 29. h3 Qa7+ 30. Kh1 Re8 31. Bxc4 Rxc4 32. f5 Nxe4 33. fxg6 Nf2+ 34. Kh2 Nxd1 35. Rxd1 e4 36. Qf5 fxg6 0-1

[Event "CZE-chT 1819"]
[Site "Czech Republic"]
[Date "2019.02.09"]
[Round "7.6"]
[White "Cech, Pavel"]
[Black "Bures, Jaroslav"]
[Result "1/2-1/2"]
[WhiteElo "2332"]
[BlackElo "2396"]
[PlyCount "109"]
[EventDate "2018.11.03"]
[EventType "team-tourn"]
[EventRounds "11"]
[EventCountry "CZE"]
[SourceTitle "CBM 188 Extra"]
[Source "ChessBase"]
[SourceDate "2019.02.26"]
[SourceVersion "1"]
[SourceVersionDate "2019.02.26"]
[SourceQuality "1"]
[WhiteTeam "Turnov Zikuda"]
[BlackTeam "Poruba Slavoj"]
[WhiteTeamCountry "CZE"]
[BlackTeamCountry "CZE"]

1. d4 Nf6 2. Bg5 d5 3. e3 c5 4. c3 Qb6 5. Qc1 cxd4 6. exd4 h6 7. Bh4 Bf5 8. Be2 Nbd7 9. Nf3 e6 10. Nbd2 Bd6 11. 0-0 0-0 12. Re1 Qc7 13. Bg3 Bxg3 14. hxg3 Bh7 15. Bf1 a6 16. a4 Rfe8 17. Nb3 Ne4 18. Qf4 Qb6 19. Ra3 f6 20. a5 Qc6 21. Nbd2 e5 22. Qh4 Nd6 23. dxe5 fxe5 24. g4 Nf7 25. Qg3 Qf6 26. Rb3 Rab8 27. Rb4 Qd8 28. Nb3 Bc2 29. Na1 Be4 30. Nb3 b5 31. axb6 Rxb6 32. Ra1 Rxb4 33. cxb4 Qb6 34. Nbd2 Qxb4 35. g5 Bxf3 36. Nxf3 a5 37. gxh6 Nxh6 38. Qg6 Nf6 39. Ng5 Qb6 40. Ra3 Rb8 41. Rh3 Nfg4 42. Qh7+ Kf8 43. Rf3+ Nf6 44. Rxf6+ Qxf6 45. Qh8+ Ke7 46. Qxb8 Qxg5 47. Qc7+ Kf8 48. Qd6+ Qe7 49. Qxd5 Qc7 50. Bc4 g6 51. g3 Kg7 52. Kg2 Nf5 53. Qg8+ Kf6 54. Bd5 Kg5 55. Be4 1/2-1/2

[Event "BL2-Ost 1819"]
[Site "Germany"]
[Date "2019.02.03"]
[Round "6.3"]
[White "Braeuer, Franz"]
[Black "Cech, Pavel"]
[Result "1/2-1/2"]
[WhiteElo "2439"]
[BlackElo "2327"]
[PlyCount "159"]
[EventDate "2018.11.10"]
[EventType "team-tourn"]
[EventRounds "10"]
[EventCountry "GER"]
[SourceTitle "CBM 190 Extra"]
[Source "ChessBase"]
[SourceDate "2019.07.15"]
[SourceVersion "1"]
[SourceVersionDate "2019.07.15"]
[SourceQuality "1"]
[WhiteTeam "Erfurt"]
[BlackTeam "Bindlach"]
[WhiteTeamCountry "GER"]
[BlackTeamCountry "GER"]

1. e4 e6 2. d4 d5 3. Nd2 Nf6 4. e5 Nfd7 5. Bd3 c5 6. c3 Nc6 7. Ne2 cxd4 8. cxd4 f6 9. exf6 Nxf6 10. 0-0 Bd6 11. Nf3 Qc7 12. h3 0-0 13. Re1 e5 14. dxe5 Nxe5 15. Nxe5 Bxe5 16. Qb3 Qb6 17. Qxb6 axb6 18. Nc3 Bd4 19. Nb5 Bc5 20. Be3 Bd7 21. a3 Rae8 22. Nd4 Ne4 23. b4 Be7 24. Rac1 Bh4 25. Nf3 Bd8 26. Red1 Nd6 27. Bf1 Nf5 28. Bg5 Bxg5 29. Nxg5 h6 30. Nf3 Be6 31. Nd4 Nxd4 32. Rxd4 Ra8 33. Re1 Bf7 34. Re3 Rfe8 35. Rxe8+ Rxe8 36. f4 Kf8 37. Rd3 Rd8 38. Be2 d4 39. Bf3 Bc4 40. Rd1 d3 41. Rd2 Ra8 42. Bxb7 Rxa3 43. Be4 Rb3 44. Kf2 Rxb4 45. Bxd3 Bxd3 46. Rxd3 Rxf4+ 47. Ke3 Rf6 48. Rd7 Re6+ 49. Kd3 Re7 50. Rd6 Rb7 51. Kc3 b5 52. Kb4 Kf7 53. Rc6 Re7 54. Rc3 Re5 55. Rf3+ Kg6 56. Rd3 Kf5 57. Rg3 g5 58. Rf3+ Kg6 59. g4 h5 60. gxh5+ Kxh5 61. Rf8 Kh4 62. Rh8+ Kg3 63. Rh5 Kf4 64. Ka5 Ke4 65. Kb4 Kd4 66. Rh8 Ke4 67. Rh5 Kf3 68. Ka5 Kf4 69. Kb4 Kf5 70. Rh8 Kf6 71. Ka5 Kg7 72. Rh5 Kg6 73. Rh8 Re7 74. Kxb5 Rh7 75. Rxh7 Kxh7 76. Kc4 Kg6 77. Kd4 Kh5 78. Ke4 Kh4 79. Kf5 Kxh3 80. Kxg5 1/2-1/2

[Event "BL2-Ost 1819"]
[Site "Germany"]
[Date "2018.12.15"]
[Round "3.3"]
[White "Wisnet, Dominic"]
[Black "Cech, Pavel"]
[Result "1/2-1/2"]
[WhiteElo "2290"]
[BlackElo "2327"]
[PlyCount "104"]
[EventDate "2018.11.10"]
[EventType "team-tourn"]
[EventRounds "10"]
[EventCountry "GER"]
[SourceTitle "CBM 190 Extra"]
[Source "ChessBase"]
[SourceDate "2019.07.15"]
[SourceVersion "1"]
[SourceVersionDate "2019.07.15"]
[SourceQuality "1"]
[WhiteTeam "Passau"]
[BlackTeam "Bindlach"]
[WhiteTeamCountry "GER"]
[BlackTeamCountry "GER"]

1. d4 d5 2. Nf3 Nf6 3. Bf4 e6 4. e3 Bd6 5. Ne5 c5 6. Bb5+ Ke7 7. Be2 Nc6 8. c3 Qc7 9. Nd3 c4 10. Bxd6+ Qxd6 11. Nf4 b5 12. Nd2 b4 13. Qc2 Bd7 14. Nh5 bxc3 15. Qxc3 Qb4 16. Nxf6 gxf6 17. Qc2 f5 18. a3 Qb6 19. b3 cxb3 20. Nxb3 Rab8 21. Rb1 Na5 22. Nd2 Qc6 23. Qa2 Rxb1+ 24. Qxb1 Qc3 25. Qb4+ Qxb4 26. axb4 Nb7 27. 0-0 Nd6 28. Ra1 Rb8 29. Rxa7 Rxb4 30. Bd3 Rb2 31. Nf3 f6 32. g3 Ne4 33. Bxe4 fxe4 34. Nh4 Rb1+ 35. Kg2 Kd6 36. Ra6+ Ke7 37. g4 e5 38. dxe5 fxe5 39. Nf5+ Bxf5 40. gxf5 d4 41. Re6+ Kf7 42. Rxe5 d3 43. Rd5 Kf6 44. Kg3 Rf1 45. h4 h5 46. Kg2 Re1 47. Kg3 Rg1+ 48. Kh2 Rg8 49. Kh3 Rg4 50. Ra5 Rg1 51. Rd5 Rg4 52. Ra5 Rg1 1/2-1/2

[Event "SVK-chT 1819"]
[Site "Slovakia"]
[Date "2018.12.08"]
[Round "3.5"]
[White "Veres, Andrej"]
[Black "Cech, Pavel"]
[Result "1/2-1/2"]
[WhiteElo "2229"]
[BlackElo "2330"]
[PlyCount "98"]
[EventDate "2018.11.10"]
[EventType "team-tourn"]
[EventRounds "11"]
[EventCountry "SVK"]
[SourceTitle "CBM 187 Extra"]
[Source "ChessBase"]
[SourceDate "2018.11.04"]
[SourceVersion "1"]
[SourceVersionDate "2018.11.04"]
[SourceQuality "1"]
[WhiteTeam "Dubnica nad Vahom"]
[BlackTeam "Liptov Chess School"]
[WhiteTeamCountry "SVK"]
[BlackTeamCountry "SVK"]

1. d4 d5 2. Nf3 Nf6 3. c4 c6 4. cxd5 cxd5 5. Nc3 Nc6 6. Bf4 e6 7. e3 Nh5 8. Be5 f6 9. Bg3 g6 10. Be2 Be7 11. 0-0 Nxg3 12. hxg3 0-0 13. Rc1 Bd7 14. e4 Nb4 15. exd5 Nxd5 16. Nxd5 exd5 17. Qb3 Bc6 18. Ne1 Qb6 19. Nc2 Qxb3 20. axb3 Rfe8 21. Rfe1 Kf7 22. Bf3 Bf8 23. g4 Rad8 24. g3 Bh6 25. Ra1 Rxe1+ 26. Nxe1 a6 27. Nd3 Bd2 28. Rd1 Ba5 29. Nc5 Re8 30. Rc1 Re1+ 31. Rxe1 Bxe1 32. Kf1 Bb4 33. Ke2 Ke7 34. Nd3 Bd6 35. Nf4 Bxf4 36. gxf4 h6 37. Ke3 Ke6 38. Bd1 f5 39. gxf5+ Kxf5 40. Bc2+ Kf6 41. b4 Bd7 42. Kf3 Bf5 43. Bb3 Ke6 44. Kg3 Kd6 45. Ba4 Kc7 46. Bd1 Kb6 47. Be2 Kc6 48. b5+ axb5 49. b4 Kd6 1/2-1/2

[Event "Pardubice Czech op-E 29th"]
[Site "Pardubice"]
[Date "2018.07.14"]
[Round "4"]
[White "Cech, Pavel"]
[Black "Kratochvil, Josef"]
[Result "0-1"]
[WhiteElo "2345"]
[BlackElo "2309"]
[PlyCount "100"]
[EventDate "2018.07.12"]
[EventType "team"]
[EventRounds "7"]
[EventCountry "CZE"]
[SourceTitle "EXT 2019"]
[Source "ChessBase"]
[SourceDate "2018.10.10"]
[SourceVersion "1"]
[SourceVersionDate "2018.10.10"]
[SourceQuality "1"]
[WhiteTeam "Turnov Zikuda"]
[BlackTeam "Cerebro"]
[WhiteTeamCountry "CZE"]
[BlackTeamCountry "CZE"]

1. d4 g6 2. e4 Bg7 3. Nc3 d6 4. Be3 Nf6 5. Qd2 0-0 6. Bh6 Bxh6 7. Qxh6 c5 8. dxc5 dxc5 9. Nf3 Nc6 10. Ng5 Nd4 11. Bd3 Qd6 12. Nd5 Rd8 13. 0-0-0 Be6 14. Nxf6+ exf6 15. Qxh7+ Kf8 16. Qh6+ Kg8 17. Qh7+ Kf8 18. Nxe6+ Qxe6 19. b3 b5 20. Rhe1 c4 21. e5 fxe5 22. Qh8+ Ke7 23. Qh4+ Kf8 24. Qh8+ Ke7 25. Qh4+ Kf8 26. f4 Kg7 27. Rxe5 Qd6 28. Kb2 cxd3 29. Rxd3 Rac8 30. c3 Qc6 31. Rg3 b4 32. c4 Re8 33. Rh5 Rh8 34. Rxh8 Rxh8 35. Qe7 Qf6 36. Qxf6+ Kxf6 37. h3 Re8 38. Rd3 Re2+ 39. Kb1 Ne6 40. g3 Ke7 41. h4 Nc5 42. Rd5 Ne4 43. Ra5 Nc3+ 44. Ka1 Kd6 45. Rxa7 Rg2 46. g4 Kc5 47. h5 gxh5 48. gxh5 Kd4 49. Rd7+ Ke3 50. Re7+ Kd3 0-1

[Event "CZE-chT1W 1718"]
[Site "Czech Republic"]
[Date "2018.03.25"]
[Round "10.6"]
[White "Rasik, Vitezslav"]
[Black "Cech, Pavel"]
[Result "1-0"]
[WhiteElo "2466"]
[BlackElo "2371"]
[PlyCount "69"]
[EventDate "2017.10.29"]
[EventType "team-tourn"]
[EventRounds "11"]
[EventCountry "CZE"]
[SourceTitle "EXT 2019"]
[Source "ChessBase"]
[SourceDate "2018.10.10"]
[SourceVersion "1"]
[SourceVersionDate "2018.10.10"]
[SourceQuality "1"]
[WhiteTeam "Neratovice"]
[BlackTeam "Hradec Kralove Slavia"]
[WhiteTeamCountry "CZE"]
[BlackTeamCountry "CZE"]

1. e4 e6 2. d3 d5 3. Nd2 Nf6 4. Ngf3 Nc6 5. c3 dxe4 6. dxe4 Bc5 7. Bb5 0-0 8. 0-0 Bd7 9. Qe2 Ne7 10. Bd3 Ng6 11. Nb3 Bb6 12. e5 Ng4 13. h3 Nh6 14. Bg5 Qe8 15. Rad1 Nf5 16. Kh2 h6 17. Bc1 Bc6 18. Be4 Ne3 19. Bxe3 Bxe4 20. Bc5 Bxf3 21. Qxf3 Bxc5 22. Nxc5 Qb5 23. b4 b6 24. a4 Qc4 25. Nd7 Rfd8 26. Rfe1 Nf8 27. Rd4 Qa2 28. Red1 Re8 29. Nxf8 Rxf8 30. Rg4 Qxa4 31. Qf6 g6 32. Rxg6+ fxg6 33. Qxg6+ Kh8 34. Qxh6+ Kg8 35. Qg6+ 1-0